LEADER 01619nam a2200361 a 4500 001 000000058463 003 CaOOAMICUS 005 20140910115859.0 008 010605s1999 it u000 u ita r 020 $a88-311-7293-X* 035 $a10891457 040 $aPUL$bita 041 1 $aita$hger 100 0 $aTheresia Benedicta a Cruce,$cs.,$d1891-1942.$0(OLS)http://pul/name/8163 240 10$aAus dem Leben einer jüdischen Familie.$lItaliano.$0(OLS)http://pul/title/78323 245 10$aStoria di una famiglia ebrea :$blineamenti autobiografici : l'infanzia e gli anni giovanili /$cEdith Stein. 250 $a3. ed. 260 $aRoma :$bCittà Nuova,$c1999. 300 $a374 p. ;$c22 cm 490 1 $aOpere di Edith Stein 600 04$aTheresia Benedicta a Cruce,$cs.,$d1891-1942$xBiografia.$0(OLS)http://pul/subject/21763 830 0$aOpere di Edith Stein.$0(OLS)http://pul/title/56588 850 $aPUL 852 $aPUL$W1$xSL Filosofia 3$y81$m193 STEED 7.2$j76376$nBK-PRI$qDDC 21$B76376$CPULBib$Z2$F76376 $H84852 $82 900 $aStein, Edith, $csuora,$d1891-1942$98163 900 $aEdith Stein,$cs.,$d1891-1942 $98163 900 $aTeresa Benedetta della Croce.$cs.,$d1891-1942$98163 900 $aTeresia Benedicta a Cruce,$cs.,$d1891-1942?$98163 941 1 $a9 961 $aINV: 84852 996 $6020$a88-311-7293-X*$9(OLS)http://pul/number/74089 996 $6245$aStoria di una famiglia ebrea :$blineamenti autobiografici : l'infanzia e gli anni giovanili$9(OLS)http://pul/title/78324 996 $6260$aRoma :$bCittà Nuova$9(OLS)http://pul/publisher/47927 LEADER 01450nam a2200313 a 4500 001 000000149279 003 CaOOAMICUS 005 20160210111748.0 008 160210s2011 oru u000 u eng r 020 $a9781608993680* 032 $aLibriCat 040 $aPUL$bita 082 04$a261.8 245 04$aThe crisis of global capitalism :$bPope Benedict XVI's social encyclical and the future of political economy /$cedited by Adrian Pabst. 260 $aEugene (Oregon) :$bCascade Book,$c©2011. 300 $aix, 289 p. ;$c23 cm. 504 $aBibliografia p. 269-278. 610 24$aPapi (2005-2013 : Benedictus XVI)$tCaritas in veritate.$0(OLS)http://pul/subject/38365 650 4$aCapitalismo e Cristianesimo.$0(OLS)http://pul/subject/21759 650 4$aCapitalismo globale$xCritica.$0(OLS)http://pul/subject/35938 700 1 $aPabst, Adrian.$0(OLS)http://pul/name/95203 850 $aPUL 852 $aPUL$W1$xSL Religione 3$y85$m261. 8 PABAD 1$j171931$qDDC 21$B173522$CPULBib$Z2$F173522 $H126977 $81 941 1 $a9 996 $6020$a9781608993680*$9(OLS)http://pul/number/159613 996 $6082$a261.8$9(OLS)http://pul/classification/367 996 $6245$aThe crisis of global capitalism :$bPope Benedict XVI's social encyclical and the future of political economy$9(OLS)http://pul/title/188210 996 $6260$aEugene (Oregon) :$bCascade Book$9(OLS)http://pul/publisher/82646